| 000 | 01167cam a22002771i 4500 | ||
|---|---|---|---|
| 003 | SA-RiAUC | ||
| 005 | 20251004160825.0 | ||
| 008 | 250929s1985 ua g b 000r0 ara c | ||
| 020 | _a9773421899 | ||
| 040 |
_aSA-RiAUC _bara _cSA-RiAUC _erda |
||
| 082 | 0 | 4 |
_a254 _qSA-RiAUC |
| 090 |
_a254 _bد غ م |
||
| 100 | 1 |
_aالدغمي، محمد راكان ضيف الله _eمؤلف. |
|
| 245 | 1 | 0 |
_aحماية الحياة الخاصة في الشريعة الإسلامية / _cبقلم محمد راكان الدغمي. |
| 250 | _aالطبعة الأولى. | ||
| 264 | 1 |
_aالقاهرة ؛ _aالإسكندرية، مصر : _bدار السلام للطباعة والنشر والتوزيع والترجمة، _c1985. |
|
| 300 |
_a160 صفحة ؛ _c24 × 17 سم |
||
| 336 |
_aنص _btxt _2rdacontent _3كتاب |
||
| 337 |
_aبدون وسيط _bn _2rdamedia |
||
| 338 |
_aمجلد _bnc _2rdacarrier |
||
| 504 | _aببليوجرافية : صفحة 145-155. | ||
| 650 | 7 |
_aالأحوال الشخصية للمسلمين _2aucsh |
|
| 650 | 7 |
_aالإسلام وحقوق الإنسان _2aucsh |
|
| 942 |
_2ddc _cBOOK _n0 |
||
| 949 |
_aSA-JeALM _d250929 _umohamedma123 _n1 |
||
| 999 |
_c12358 _d12358 |
||